000 00296nam a2200109 4500
999 _c11323
_d11323
008 181116b ||||| |||| 00| 0 eng d
245 _aOrganic fertilizer for the farmers.
260 _aDavao City
_bSun Star Davao
_cc2017
300 _apage 10.
650 0 _932563
_aFertilizers.
942 _2ddc
_cPER